| 000 | 00640nam a2200205Ia 4500 | ||
|---|---|---|---|
| 008 | 140925s9999 xx 000 0 und d | ||
| 020 | _a1540-5826 | ||
| 100 | _aHaager, Diane. | ||
| 245 |
_aLearning Disabilities Research & Practice / _cDiane Haager. _h[electronic resource] |
||
| 260 |
_bJohn Wiley & Sons, Inc., _cc2014. |
||
| 516 | _aElectronic text | ||
| 650 | _aDisabilities. | ||
| 650 | _aJournal. | ||
| 650 | _aPractice. | ||
| 650 | _aSpecial Education. | ||
| 830 | _aJohn Wiley & Sons, Inc. | ||
| 856 | _uhttp://onlinelibrary.wiley.com/journal/10.1111/%28ISSN%291540-5826 | ||
| 942 | _cEJ | ||
| 999 |
_c275732 _d275732 |
||